| 000 | 00440nam a22001817a 4500 | ||
|---|---|---|---|
| 005 | 20260604124936.0 | ||
| 008 | 260604b |||||||| |||| 00| 0 eng d | ||
| 020 |
_a9789352736492 _c650.00 |
||
| 040 | _aMAIN | ||
| 041 | _aEnglish | ||
| 082 |
_a338.5 _bMIT |
||
| 100 |
_aMithani, D. M. _98707 |
||
| 245 | _aMicro Economics | ||
| 260 |
_aMumbai _bHimalaya _c2025 |
||
| 300 | _a480 | ||
| 650 |
_aEconomics (PM USHA) _926774 |
||
| 942 | _cBK | ||
| 999 |
_c61006 _d61006 |
||